000 00507ntaaa2200205 4500
003 01
005 20251027201800.0
008 0714s1973 ag 01
020 _a8422010348
040 _aAR-BaBN
_bspa
_cAR-BaBN
_eaacr
_dRIC
082 _a241.0000 W81m
100 _aWojtyla, Karol
_916264
245 _aMax Scheler y la etica cristiana
250 _a1 ed.
260 _aMadrid :
_bBAC,
_c1982
300 _a223 p ;
_c17 cm
650 _aética-cristiana
650 _aScheler, Max
_916265
942 _cBK
999 _c12473
_d12473